[Event "Sao Paulo zt 2.4"]
[Site "Sao Paulo"]
[Date "2001.??.??"]
[Round "1"]
[White "Soto Vega, Jorge"]
[Black "Leitao, Rafael Duailibe"]
[Result "0-1"]
[WhiteElo "2386"]
[BlackElo "2587"]
[Annotator "Melao,H"]
[PlyCount "52"]
[EventDate "2001.06.07"]
[EventType "tourn"]
[EventRounds "9"]
[EventCountry "BRA"]
[EventCategory "8"]
[SourceTitle "CBM 082 Extra"]
[Source "ChessBase"]
[SourceDate "2001.07.03"]
[SourceVersion "1"]
[SourceVersionDate "2001.07.03"]
[SourceQuality "1"]

1. e4 c5 2. Nf3 d6 3. Bb5+ Nc6 {mais usuais são Bd7 ou Nd7} 4. d4 cxd4 5. Nxd4
Bd7 6. Bxc6 (6. c4 g6 7. O-O Bg7 8. Be3 Nf6 9. Nc3 Ng4 10. Bxc6 bxc6 11. Bc1
Ne5 12. b3 O-O 13. Bb2 Rb8 14. Qe2 Qa5 15. Rad1 a6 16. Qd2 Qb6 17. Ba1 Qa7 18.
Kh1 Ng4 19. h3 Nf6 20. Rfe1 Rbd8 21. Qe3 Rfe8 22. Kg1 Nh5 23. Nf5 Qxe3 24. Nxe3
Nf4 25. Ne2 Bxa1 26. Rxa1 Nd3 27. Red1 Nc5 28. Nc3 a5 29. f3 Ra8 30. Rab1 f6
31. Rd2 Reb8 32. Rdb2 Be6 33. Kf1 Rb7 34. Ke2 Rab8 35. Kd2 a4 36. Ncd1 axb3 37.
axb3 Rxb3 38. Rxb3 Rxb3 39. Rxb3 Nxb3+ 40. Kc3 Nc5 41. g4 {0-1 Vasiukov,
E-Furman,S/Tallinn 1965/URS-ch (41)}) (6. Nc3 g6 7. O-O Bg7 8. Be3 Nf6 9. Nxc6
bxc6 10. Bc4 Ng4 11. Bd4 e5 12. Be3 d5 13. Nxd5 cxd5 14. Bxd5 Rc8 15. Bxa7 Qc7
16. Be3 O-O 17. Bb3 Nxe3 18. fxe3 Bc6 19. Qd3 Qb7 20. Rad1 Bxe4 21. Qd7 Qxd7
22. Rxd7 Bxc2 23. Rfxf7 Rxf7 24. Bxf7+ Kh8 25. Bd5 e4 26. Re7 Bxb2 27. Bxe4 Ba3
28. Bb7 Bxe7 29. Bxc8 Kg7 30. Kf2 Kf6 31. Kf3 Ke5 32. g3 Be4+ 33. Kf2 Ba3 34.
Ba6 Bd5 35. Bd3 Bxa2 36. h4 Bd5 37. Bb1 Be4 38. Ba2 h6 39. Bb3 Bc1 40. Bc4 Kd6
41. Ke2 g5 42. hxg5 hxg5 43. g4 Kc5 44. Be6 Kb4 45. Bd7 Kc3 46. Bf5 Bxf5 47.
gxf5 Kc4 48. f6 Kd5 49. f7 Ba3 50. Kf3 Ke5 51. Kg4 Kf6 {0-1 Parkkinen,
J-Sammalvuo,T/Helsinki 2000}) 6... bxc6 7. c4 {a estrutura Maroczy costuma ser
eficiente quando o Peão ausente das Pretas й o PBD, mas nesse caso a formação
Maroczy não produz efeito tão bom, em primeiro lugar porque as Pretas sempre
que quiserem conseguem jogar 'd5', a pressão pela coluna 'b' e pela diagonal
'a1-h8' й mais eficaz, o controle de 'b5' com o Peão 'c' deixa livre o Peão
'a' para romper em 'a4', entre outras possibilidades.} Nf6 (7... e6 8. Nc3 Nf6
9. O-O Be7 10. Nf3 Qc7 11. Bg5 e5 12. Qd3 Be6 13. Rac1 Qb8 14. b3 O-O 15. Nh4
Rd8 16. Qf3 h6 17. Nf5 Bxf5 18. Bxf6 Bg4 19. Qxg4 Bxf6 20. Rcd1 Qb4 21. Rd3 Kf8
22. Rfd1 Qa5 23. h4 Qc7 24. g3 Ke7 25. R1d2 Ke8 26. Nd1 a5 27. Ne3 a4 28. Nf5
Kf8 29. Rxd6 Rxd6 30. Rxd6 axb3 31. axb3 Rd8 32. Qd1 Rxd6 33. Qxd6+ Qxd6 34.
Nxd6 Ke7 35. Nf5+ Ke6 36. h5 {1-0 Ivanovic,B-Kocovski,I/Skopje 1991}) 8. Nc3 g6
9. O-O Bg7 10. Qe2 O-O 11. Rd1 Qb6 {o jogo preto й mais harmônico e muito mais
fácil de conduzir.} 12. h3 Rab8 13. b3 c5 {enfraquecendo 'd5'. As Pretas
poderiam prosseguir com um jogo mais lento, sem dar contra-jogo às Brancas.} (
13... a5 $5) 14. Nc2 (14. Ndb5 $4 Bxb5 15. Nxb5 Nxe4) 14... Qb7 15. Rb1 Bc6 16.
f3 {demasiado passivo.} ({com} 16. Nd5 {as Pretas estariam diante do dilema de
deixar esse poderoso Cavalo em 'd5' ou abrir a coluna 'e' deixando vulnerável
o Peão 'e7'. Não se cogita a possibilidade de expulsar o Cavalo com e6, porque
'd6' seria uma debilidade decisiva.} Bxd5 (16... Rfe8 $5) 17. exd5 a5 $5 18.
Re1 $14) 16... Rfe8 17. Be3 Nd7 18. Qd2 Ne5 {as peças Pretas estão mais bem
coordenadas e vão ganhando mobilidade a cada lance! Além disso, atuam tanto na
ala do Rei como na ala da Dama. As Brancas precisariam desenvolver um plano
ativo com urgência.} 19. h4 $2 {permitindo um golpe tático elementar...} f5 $1
20. exf5 (20. f4 Ng4 $17) 20... gxf5 (20... Bxf3 21. Rf1 gxf5 22. gxf3 Nxf3+
23. Rxf3 Qxf3 $17) 21. Bh6 ({se as Brancas tentassem remendar o erro com} 21.
Kf2 {seriam castigadas com} Bxf3 22. gxf3 Qxf3+ 23. Kg1 (23. Ke1 f4) 23... f4
$1 24. Bxf4 $8 (24. Bf2 Qg4+ 25. Kf1 Qh3+ 26. Ke1 Nf3+ $19) 24... Qg4+ {
os duplos em 'f3' deixam o Rei branco sem lances bons...} 25. Kf2 (25. Kf1 Ng6
$1 $19) 25... Ng6 $1 $19 {vencendo rapidamente por ataque.}) 21... Bxh6 (21...
Bxf3 $2 22. Qg5 Ng6 23. gxf3) 22. Qxh6 Bxf3 23. Na3 $4 (23. gxf3 Qxf3 24. Qe3
Qg4+ 25. Kf1 {e embora estejam em situação difícil, as Brancas ainda poderiam
resistir bem.}) 23... Kh8 $1 {as Pretas podem vencer com quase qualquer lance,
mas a maneira como seguiu й a mais elegante.} (23... Bxg2 $19) (23... Bxd1 $19)
24. Rd2 Rg8 25. Qf4 (25. Rbb2 Rg6 26. Qf4 Rbg8 $19) 25... Bc6 (25... Bxg2 $142)
26. Kf1 Ng4 $19 {erro de notação?} ({muito mais forte й} 26... Rg4 $19 {
[%cal Yb8g8]}) ({ou} 26... Bxg2+ $19) 0-1

[Event "Metz op 30th"]
[Site "Metz"]
[Date "2012.04.23"]
[Round "4"]
[White "Solodovnichenko, Yuri"]
[Black "Cornette, Matthieu"]
[Result "1/2-1/2"]
[WhiteElo "2615"]
[BlackElo "2545"]
[Annotator "Metz Alekhine/Primel,D"]
[PlyCount "116"]
[EventDate "2012.04.14"]
[EventType "swiss"]
[EventRounds "9"]
[EventCountry "FRA"]
[SourceTitle "EXT 2013"]
[Source "ChessBase"]
[SourceDate "2012.11.22"]
[SourceVersion "1"]
[SourceVersionDate "2012.11.22"]
[SourceQuality "1"]

1. e4 c5 {01h30} 2. Nf3 Nc6 3. Nc3 d6 4. d4 cxd4 5. Nxd4 e5 6. Nf5 {
L'ukrainien a probablement été surpris par le choix de la variante e5 car le
français n'avait pas de parties dans les bases avec la B32 et il préfère jouer
une ligne secondaire pour éviter une préparation adverse.} (6. Ndb5 $142 {
La grande ligne}) 6... Bxf5 (6... Nf6) 7. exf5 Qd7 8. Nd5 (8. g4 h5) 8... Nge7
9. f6 Nxd5 10. fxg7 Bxg7 11. Qxd5 O-O {85 Les Noirs ont joué trés rapidement
l'ouverture} 12. Be3 $146 (12. Bd3 {Gasanov,E (2454)-Moiseenko,A (2559)
UKR-chT Alushta 2002 (9) 0-1}) 12... Ne7 {71 Les Noirs sont maintenant hors
préparation} (12... Rac8 {Quelques mois plus tard, l'entraineur de l'équipe de
France a tenté d'améliorer la position avec Rc8} 13. c3 Ne7 14. Qb5 Rc6 15. g3
d5 $1 {Santos Latasa,J (2399)-Cornette,M (2567) Creon op 17th 2012 (9) 1/2})
13. Qb3 d5 (13... Rac8) 14. Bb5 (14. O-O-O $5 a5 15. Kb1 (15. a4 Rac8 16. Bb5
Qe6) 15... a4 $132) 14... Qe6 15. O-O-O $5 {40} (15. O-O Nf5 $132) 15... a6 {48
} 16. Be2 Rac8 (16... b5) 17. Kb1 d4 $1 18. Qxe6 fxe6 {[%cal Gf8f2]} 19. Bg4 $1
(19. Bg5 Rxf2 $36) 19... Rc6 20. Bg5 Nd5 $132 {[%csl Gd5] Le N central est
trés fort et les Noirs ont commencé а prendre l'initiative} 21. Bf3 Rb6 {
[%cal Gd5c3]} 22. Bd2 d3 $1 (22... e4) 23. Be4 $8 (23. cxd3 $2 e4) 23... dxc2+
24. Kxc2 Rxf2 $36 25. Kc1 Rxd2 $1 26. Kxd2 (26. Rxd2 Bh6) 26... Rxb2+ 27. Kc1
Rxa2 28. Rxd5 $1 {[%cal Ge4d5,Gd5a2,Gd5g8]} Ra1+ 29. Kc2 Rxh1 30. Rd8+ Bf8 31.
Bxb7 Rxh2 32. Ra8 Rh4 33. Rxa6 Kf7 34. Kd3 Rd4+ 35. Ke2 Kf6 36. Bc6 e4 37. Ra2
Bh6 38. Ra4 Rd2+ {[%csl Re2]} 39. Kf1 Rd1+ {Une petite répétiton de coups pour
passer le contrôle de temps} (39... e3 $40 {[%csl Rf1]}) 40. Ke2 Rd2+ 41. Kf1
e3 $40 {[%cal Gd2f2]} 42. Bf3 Bg5 43. Be2 Rb2 {[%csl Gb2][%cal Gb2b1]} 44. g3
h6 45. Rc4 Ke5 {[%csl Ge5,Rf1] La différence d'activité des K donne des
petites chances de gain aux Noirs} 46. Rc5+ Kd4 47. Rb5 Rc2 48. Rb4+ Kc5 49.
Rb5+ Kc6 50. Rb4 Ra2 51. Rd4 e5 52. Rd3 Kc5 53. Rc3+ Kd4 54. Rc4+ Kd5 55. Rc1
Rd2 56. Ra1 Rb2 57. Rd1+ Ke4 58. Rc1 Kd4 1/2-1/2

[Event "Bundesliga 1112"]
[Site "Germany"]
[Date "2011.10.15"]
[Round "2.1"]
[White "Gashimov, Vugar"]
[Black "Kempinski, Robert"]
[Result "1-0"]
[WhiteElo "2756"]
[BlackElo "2604"]
[Annotator "Meyer,CD"]
[PlyCount "47"]
[EventDate "2011.10.14"]
[EventType "team-tourn"]
[EventRounds "15"]
[EventCountry "GER"]
[SourceTitle "CBM 145"]
[Source "ChessBase"]
[SourceDate "2011.11.11"]
[SourceVersion "1"]
[SourceVersionDate "2011.11.11"]
[SourceQuality "1"]
[WhiteTeam "Werder Bremen"]
[BlackTeam "Hamburger SK"]
[WhiteTeamCountry "GER"]
[BlackTeamCountry "GER"]

1. e4 c5 2. Nf3 d6 3. d4 cxd4 4. Nxd4 Nc6 5. Nc3 e5 6. Nf5 $5 ({I Eher nach
Gashimovs Geschmack als das relativ ruhige} 6. Ndb5 a6 7. Na3 {womit Kempinski
ordentliche Resultate erzielt hat, z.B.:} Be7 (7... Be6 8. Nd5 Bxd5 9. exd5
Nce7 10. c4 Nf6 11. Be2 g6 12. O-O Bg7 13. Qb3 Qd7 14. Be3 O-O 15. Bb6 Rac8 16.
Rac1 Ne4 17. Qd3 Nc5 18. Qd2 Nf5 19. Bg4 Bh6 20. Qxh6 Nxh6 21. Bxd7 Nxd7 22.
Be3 Nf5 $15 {, 0:1/52, Sarakauskiene,Z (2164) - Kempinski,R (2597), Warsaw 2010
}) 8. Nc4 b5 9. Ne3 Nf6 10. Bd3 O-O 11. O-O Nb4 12. Be2 Be6 13. a3 Nc6 14. Ned5
Nd4 15. Nxe7+ (15. Bd3) 15... Qxe7 16. Bd3 h6 17. Be3 Nc6 $13 {/=, remis/34,
Swiercz,D (2540) - Kempinski,R (2600), Warsaw 2011}) (6. Nb3 Nf6 7. Be2 Be7 8.
O-O O-O 9. f4 a5 10. a4 Nb4 11. Kh1 Bd7 12. Be3 Bc6 13. Bf3 Qc7 14. Qd2 b6 15.
Qf2 Rab8 16. Rad1 b5 17. axb5 Bxb5 18. Nxb5 Rxb5 $13 {/=, remis/59, Negi,P 
(2596) - Kempinski,R (2615), Germany 2011}) ({II Das alte} 6. Nde2 {nebst
nachhaltiger Kontrolle von d5 ist eine weitere, solide Alternative.}) 6... Bxf5
7. exf5 Be7 $6 ({Den Vorzug verdient die üblichere Folge} 7... Qd7 $142 {, z.B.
} 8. g4 (8. Bc4 Qxf5 9. O-O {/\f4}) 8... h5 9. g5 Qxf5 10. Be3 $44 {mit
zweischneidiger Stellung, in der Weiß auf den hellen Feldern dominiert und für
den geopferten Bauern Kompensation hat, etwa nach dem weiteren} O-O-O 11. h4
Kb8 12. Bh3 Qg6 13. Qf3 (13. Bg2)) 8. g4 $5 $146 ({Bewährt hat sich} 8. Bc4 Nf6
9. Be3 $14) ({Oder mit Zugumstellung} 8. Be3 Nf6 (8... Qd7 $6 9. Qf3) 9. Bc4
$14) 8... h6 $6 (8... h5 $142 $5 {war wohl die gegebene Reaktion:} 9. Rg1 $13)
9. h4 {Nach seiner Erstrundenniederlage (gegen Mchedlishvili) beim langen
Bundesliga-Wochenende in Mülheim war Vugar offenbar besonders "auf Krawall
gebürstet".} ({Indes stünde Schwarz nach} 9. Bg2 {ebenfalls unbehaglich, z.B.}
Nf6 (9... Rc8 10. Be3 $14 (10. h4 Qa5 $5 (10... Bxh4 $6 11. Be3 Be7 12. Qe2 Nd4
(12... Qa5 13. O-O-O) 13. Qd3))) 10. h4 $14) 9... Nf6 ({Auch hier kostet der
Bauernraub} 9... Bxh4 $6 {kostbare Zeit:} 10. Bg2 Be7 11. Be3 {und Weiß steht
überlegen, dazu ein paar interessante Spielproben:} Rc8 (11... Qd7 12. Nd5 Nf6
13. Nxf6+ Bxf6 14. g5 Bd8 15. f6 $16) (11... Qa5 12. g5 O-O-O (12... Qb4 13.
Qd3 $1) 13. a3 $1 Nd4 (13... Kb8 14. b4 Qc7 15. Nd5 Qd7 16. c3 $1 Qxf5 (16...
Rc8 17. b5 Nd8 18. Qa4 $18) 17. b5 Na5 18. Qa4 b6 19. Bxb6 axb6 20. Nxb6 $18) (
13... d5 14. b4 Bxb4 15. axb4 Qxb4 16. Bd2 $16) 14. f6 $5 gxf6 (14... Bf8 15.
Qg4+ Kb8 16. O-O-O gxf6 17. Rxd4 $1 exd4 18. Bxd4 $18) 15. gxh6 f5 16. b4 Qa6
17. Nd5 Kb8 18. h7 Nf6 19. Bxd4 exd4 20. Qxd4 Nxd5 21. Bxd5 $18) 12. Qe2 $1 Nd4
(12... Qa5 13. O-O-O $1 Nb4 14. Kb1 Nf6 (14... Rxc3 15. bxc3 Nxa2 16. Bd2 Nxc3+
17. Bxc3 Qxc3 18. Qb5+ Kf8 19. Qxb7) 15. a3 Rxc3 16. axb4 Qxb4 17. g5 Nd7 18.
f6 gxf6 19. Rxh6 Rg8 20. Bd5 $18) 13. Bxd4 exd4 14. Nd5 Qa5+ 15. b4 Qa6 16.
Qxa6 bxa6 17. O-O-O $16) 10. Rg1 (10. Bg2 $142 $14) 10... Qa5 $1 $13 11. Bd2
Nd5 (11... Nd4 12. g5 hxg5 13. hxg5 Nd7 $13) 12. Ne4 $5 ({Oder: I} 12. Bg2 Nxc3
13. Bxc3 $13) ({II} 12. Nb5 Qb6 13. c4 $13) 12... Qb6 13. Rg3 $5 {mit
attraktiver Schwenkmöglichkeit zum Damenflügel} O-O-O (13... Qxb2 {erschien
Schwarz zu riskant:} 14. Rb1 Qd4 (14... Qxa2 $143 $6 15. Rgb3 Nd4 16. R1b2 Qa4
17. Rxb7) 15. Qf3 $13) 14. c4 Nf6 15. Nxf6 Bxf6 16. Rb3 Qd4 $2 ({Aber hier
gießt Schwarz Öl ins Feuer, während seine Position nach dem Rückzug} 16... Qc7
$142 $13 {einen etwas passiven, doch zuverlässigen Eindruck gemacht hätte, z.B.
} 17. g5 hxg5 18. hxg5 Be7 19. Bg2 (19. Qg4 Qd7 20. O-O-O g6) 19... Nd4 (19...
Rh2 $6 20. Qg4) 20. Be3 $5 (20. Rd3 $2 Rh2 21. Kf1 Rdh8 22. Kg1 Qd7 $17) 20...
Nxb3 21. axb3 a6 22. Qd5 Rh5 $1 23. Qxf7 Rxg5 24. Bxg5 Bxg5 $11) 17. Qe2 $1 ({
Die bärenstarke Widerlegung, während} 17. Bg2 {nicht so zupackend gewesen wäre:
} e4 (17... Qxc4 $4 18. Rc1 Qa6 (18... Qd4 19. Rb4 $18) 19. Bf1 (19. Rxb7)
19... Qa4 20. Rxc6+ bxc6 21. Rb8+ Kxb8 22. Qxa4 $18) 18. Be3 Qxd1+ (18... Qe5
19. g5) 19. Rxd1 Bxh4 20. Bxe4 Rhe8 21. Bd5 $14) 17... d5 $2 {Guter Rat war
teuer! Geringere Übel mögen gewesen sein:} ({I} 17... h5 18. g5 Be7 19. Bg2 Qg4
(19... Qxh4 20. Rg3 Nd4 21. Qd3 $16 Nc6 22. Be4 $1 Qh2 23. f6 gxf6 24. Kf1 fxg5
25. Rh3 $18) 20. Qe4 $16) ({II} 17... Bxh4 18. Bg2 e4 19. Bc3 Qd3 20. Bxe4
Qxe2+ 21. Kxe2 Rde8 22. Kf3 $16) 18. Rc1 $1 {Nun ist Schwarz nicht mehr zu
retten!} e4 ({Oder z.B.: I} 18... Rd7 19. Rd3 Qe4 20. cxd5 Qxe2+ 21. Bxe2 e4
22. Rb3 Rxd5 23. Ba6 $18) ({II} 18... Kb8 19. Bg2 e4 20. cxd5 Ne5 21. Bf4 $18)
19. Be3 Qe5 20. cxd5 Qxd5 21. Qb5 $1 {Alle weißen Geschütze sind massiv
aufgefahren und die Verteidigung sollte jetzt flugs kollabieren.} Qd7 ({Oder: I
} 21... Qxb5 22. Bxb5 Bxh4 (22... Rd5 23. Bxc6 (23. Ba6) 23... bxc6 24. Rxc6+
Kd7 25. Ra6 Ra8 26. Bxh6 $18 Bxh4 27. Bxg7) 23. Bxc6 bxc6 24. Rxc6+ Kd7 25. Ra6
$18) ({II} 21... Rd7 22. Bf4 Qxb5 23. Bxb5 $18) 22. Qa6 $2 {Auf die knappe
Bedenkzeit des Gegners, allzu hastig und für die Galerie gezogen.} ({Schlicht
und zwingend gewannen beispielsweise: I} 22. Qa4 $142 Kb8 23. Ba6 (23. Bb5 $18
Ka8 24. Bxc6 bxc6 25. Bxa7 $18 Bc3+ (25... c5 26. Qa6) 26. Rbxc3 (26. bxc3 Qd2+
27. Kf1 Qxc1+ 28. Kg2) 26... Qxa7 27. Qxc6+ Qb7 28. Ra3+ Kb8 29. Rb3) 23... b6
24. Bb5 $18) ({II} 22. g5 $142 hxg5 23. hxg5 Be5 (23... Be7 24. Rxc6+ Qxc6 25.
Rc3 $18) 24. Rxc6+ Qxc6 25. Qxe5 Qd6 (25... f6 26. Qa5 $18 (26. Qg3 $18)) 26.
Rc3+ Kb8 27. Qxd6+ Rxd6 28. Bf4 $18) 22... Qc7 $2 ({Mit dem Rücken an der Wand
und der Zeitnot im Nacken verpaßt Schwarz die letzte, indes vage Chance: I} 
22... Bc3+ $5 23. bxc3 (23. Rbxc3 bxa6 24. Bxa6+ Kb8 (24... Kc7 25. Bb5 Qe7 26.
Rxc6+ Kb7 27. Ba6+ Ka8 28. Rc7 Qd6 29. Bb7+ Kb8 30. Bxa7+ Kxa7 31. Bxe4+ Kb6
32. R1c6+ $18) 25. Rxc6 $16) 23... Ne5 $16 (23... bxa6 $4 24. Bxa6+ Kc7 25.
Bf4+ Ne5 26. Bxe5+ Kc6 27. Bb5+ Kd5 28. Bf4 Qxb5 29. Rxb5+ Kc6 30. Ra5 $18) 24.
Bb5 bxa6 25. Bxd7+ Kxd7 26. Rcb1 Nxg4 27. Rb7+ $16) ({II} 22... Qd1+ 23. Rxd1
Rxd1+ 24. Kxd1 bxa6 25. Bxa6+ Kc7 26. Rb7+ Kd6 27. b3 Bxh4 28. Bf4+ Ne5 29.
Rxf7 Bg5 30. Bg3 Bf6 31. Rxa7 $18) ({III} 22... bxa6 23. Bxa6+ Kc7 24. Bf4+ $18
) 23. Qa4 $18 {Schluß mit lustig!} Rd6 24. Bxa7 ({I} 24. Bxa7 Kd7 25. Bb6 $18
Qc8 26. Bc5 Rd5 27. Qc4) ({II} 24. Bf4 $18) 1-0

[Event "Geneve op"]
[Site "Geneve"]
[Date "2003.04.26"]
[Round "4"]
[White "Groszpeter, Attila"]
[Black "Milov, Vadim"]
[Result "0-1"]
[WhiteElo "2486"]
[BlackElo "2574"]
[Annotator "Milov,V"]
[PlyCount "44"]
[EventDate "2003.04.24"]
[EventType "swiss"]
[EventRounds "7"]
[EventCountry "SUI"]
[SourceTitle "CBM 095"]
[Source "ChessBase"]
[SourceDate "2003.07.25"]
[SourceVersion "1"]
[SourceVersionDate "2003.07.25"]
[SourceQuality "1"]

1. e4 c5 2. Nf3 e6 3. d4 cxd4 4. Nxd4 a6 5. Nc3 d6 6. g4 Ne7 7. g5 b5 $1 $146 (
7... Nec6) 8. a3 Bb7 9. Be3 Nd7 10. h4 $6 (10. Bg2 $142 Ne5 $13) (10. Qd2 d5
$15) 10... d5 11. exd5 (11. Bg2 dxe4 (11... e5 $2 12. Nf5) 12. Nxe4 Nd5 $15)
11... Nxd5 12. Nxd5 Bxd5 $15 13. Rg1 Qc7 14. Bg2 (14. Qd2 Rc8) 14... Nb6 (14...
Qh2 $6 15. Nf3 Bxf3 $2 (15... Qc7) 16. Qxf3 Qxg1+ 17. Ke2 Qxa1 18. Qxa8+ Ke7
19. Qb7 Qxb2 20. Bc5+ Kd8 21. Qa8+ Kc7 $11) 15. Qg4 Be7 16. O-O-O $6 (16. h5
Rc8 17. Bxd5 (17. g6 hxg6 18. hxg6 f5 $17) 17... Nxd5 18. g6 hxg6 19. hxg6 f5
20. Qe2 Qe5 $15) 16... Rc8 17. Bxd5 Nxd5 18. Kb1 (18. h5 $2 e5 $19) 18... O-O (
18... e5 $2 19. Nf5 Qxc2+ 20. Ka1 $13) (18... b4 $1 19. axb4 e5 20. Nf5 Qxc2+
21. Ka1 Nxb4 $19) 19. Bc1 (19. h5 e5 20. Nf5 Qxc2+ 21. Ka1 Bxa3 22. bxa3 Qc3+
23. Ka2 b4 $19) 19... Bxa3 $1 20. bxa3 Nc3+ 21. Kb2 Qc4 22. Be3 (22. Nb3 Na4+
23. Ka1 Qc3+ 24. Kb1 Qxc2+) 22... e5 0-1

[Event "Legion-AdW match"]
[Site "Warsaw"]
[Date "1988.06.11"]
[Round "2.1"]
[White "Moehring, Guenther"]
[Black "Filipowicz, Andrzej"]
[Result "0-1"]
[WhiteElo "2395"]
[BlackElo "2410"]
[Annotator "Moehring,G"]
[PlyCount "94"]
[EventDate "1988.06.10"]
[EventType "team"]
[EventRounds "2"]
[EventCountry "POL"]
[SourceTitle "EXT 2012"]
[Source "ChessBase"]
[SourceDate "2011.11.24"]
[SourceVersion "1"]
[SourceVersionDate "2011.11.24"]
[SourceQuality "1"]

1. e4 c5 2. Nf3 d6 3. d4 cxd4 4. Nxd4 e6 5. Nc3 Be7 6. Be3 Nc6 7. Qd2 a6 8.
O-O-O Qc7 9. f3 h5 10. g4 hxg4 11. fxg4 Nf6 12. g5 Ng4 13. g6 f6 14. h4 Nxe3
15. Qxe3 Nxd4 16. Qxd4 Qa5 17. Qa4+ (17. Be2) 17... Qxa4 18. Nxa4 Bd7 19. Nb6
Rd8 20. Nxd7 Kxd7 21. h5 Rc8 22. Be2 Rc5 23. Rdg1 f5 24. h6 gxh6 25. g7 Rg8 26.
Rxh6 fxe4 27. Rh8 Rg5 (27... Bg5+ 28. Rxg5 Rxg5 29. Rxg8) 28. Rxg8 Rxg1+ 29.
Kd2 Bg5+ 30. Kc3 Bf6+ 31. Kb3 Rxg7 32. Rxg7+ Bxg7 33. c3 d5 34. Bg4 Kd6 35. Kc2
Bh6 36. Bh3 b6 37. Bg4 a5 38. Bh3 Bg5 39. Bg4 Ke5 40. Bh3 Kf6 41. Bg2 Bh6 42.
Kd1 Kg5 43. b4 axb4 44. cxb4 Bf8 45. a3 Kf4 46. Bh3 e5 47. Be6 d4 0-1

[Event "URS-ch48 First League"]
[Site "Tashkent"]
[Date "1980.10.??"]
[Round "?"]
[White "Chiburdanidze, Maia"]
[Black "Rashkovsky, Nukhim N"]
[Result "0-1"]
[WhiteElo "2400"]
[BlackElo "2520"]
[Annotator "Moiseev,V"]
[PlyCount "64"]
[EventDate "1980.10.02"]
[EventType "tourn"]
[EventRounds "17"]
[EventCountry "URS"]
[EventCategory "10"]
[SourceTitle "MCL"]
[Source "ChessBase"]
[SourceDate "1999.07.01"]
[SourceVersion "1"]
[SourceVersionDate "1999.07.01"]
[SourceQuality "1"]

1. e4 c5 2. Nf3 e6 3. d4 cxd4 4. Nxd4 a6 5. c4 Nf6 6. Nc3 d6 7. Be2 Be7 8. O-O
(8. g4 $5 h6 9. Be3 Nc6 10. Nc2 g5 11. h4 Rg8 12. hxg5 hxg5 13. Qd2 $14 {
Mariotti,S-Gheorghiu,F/Leningrad/1977/0:1/ (34) Inf 24/321/}) 8... O-O 9. Be3 (
9. b3) (9. f4 $5) 9... Bd7 $6 (9... b6 10. f4 Bb7 11. Bf3 Qc7 12. Rc1 Re8 13.
g4 Bf8 14. g5 Nfd7 15. Bg2 $14 {Torre,E-Polugaevsky,L/Manila/1975/1:0/ (42)
Inf 20/358/}) (9... Nbd7 10. Rc1 Re8 11. f4 Bf8 12. Nb3 $1 $14 {Barua,
D-Gheorghiu,F/London/1981/0:1/ (58) Inf 32/235/}) 10. a3 Nc6 11. b4 $1 Rc8 $6 (
11... Nxd4 $5 12. Qxd4 Qc7 (12... e5 $6 13. Qd3 Be6 14. Nd5 Bxd5 15. exd5 $16)
13. Rac1 (13. f4 e5 $1) 13... Rac8 $14) 12. f4 $16 (12. Nb3 $6 Ne5) 12... Re8 (
12... Nxd4 13. Qxd4 (13. Bxd4 $5) 13... Qc7 14. e5 $16) 13. Nb3 $1 (13. g4 $6
Nxd4 14. Bxd4 e5 15. fxe5 dxe5 16. Bxe5 Bc5+ $1 17. Bd4 (17. bxc5 Rxe5 $15)
17... Bxd4+ 18. Qxd4 Bxg4 $15) 13... Qc7 14. Rc1 b6 15. b5 $1 (15. Nd5 $2 exd5
16. cxd5 Qb7 17. dxc6 Bxc6 $17) 15... Na5 16. Nxa5 bxa5 17. bxa6 a4 18. Nb5 $1
$18 Qc6 19. e5 (19. Na7 $2 Qxe4) 19... dxe5 20. fxe5 Bc5 21. Bxc5 Qxc5+ 22. Kh1
Qxe5 23. Nd6 Ra8 24. Nxe8 Bxe8 25. c5 $6 (25. Bf3 $1 Rxa6 (25... Ne4 26. Bxe4
Qxe4 27. Qf3 Qxf3 28. Rxf3 Rxa6 29. c5 Bc6 30. Rd3 $18) 26. Qd8 $18) 25... Bc6
26. Bf3 Ne4 27. Qe2 f5 28. Rfd1 h5 29. Bxh5 $2 (29. Bxe4 Bxe4 30. Qxh5 (30. c6
$18) 30... Qb2 31. Qg5 $18) 29... g6 30. Bf3 Kf7 31. Rd6 $4 (31. g3 $4 Nxg3+
32. hxg3 Qxe2 $19) (31. Bxe4 $1 Rh8 32. g3 Bxe4+ 33. Kg1 $18) 31... Rh8 $1 $19
32. Bh5 Ng3+ (32... Ng3+ 33. hxg3 Qxe2 $19) 0-1